[Event "DVM U12 2020"]
[Site "Magdeburg GER"]
[Date "2021.08.06"]
[Round "4"]
[White "Espig, Nils"]
[Black "Trunz, Tamila"]
[Result "1-0"]
[Termination "normal"]
[Board "2.3"]
[WhiteElo "1601"]
[BlackElo "1353"]
[WhiteClock "01:05:17"]
[BlackClock "00:25:39"]
[WhiteTeam "USV TU Dresden"]
[BlackTeam "Godesberger Schachklub 1929 e. V."]
[PlyCount "125"]
[WhiteFideId "16236980"]
[BlackFideId "16267885"]
[EventCountry "GER"]
[EventRounds "7"]
[EventType "team-swiss"]
[EventDate "2021.08.04"]

1. e4 {[%clk 01:30:55]} e5 {[%clk 01:30:51]} {[%emt 00:00:18]} 2. Nf3 {[%clk
01:31:18]} Nc6 {[%clk 01:31:14]} 3. Bc4 {[%clk 01:31:33]} {[%emt 00:01:00]} Bc5
{[%clk 01:31:29]} 4. c3 {[%clk 01:31:35]} Nf6 {[%clk 01:31:18]} {[%emt
00:03:47]} 5. d3 {[%clk 01:31:48]} d6 {[%clk 01:31:29]} 6. Bg5 {[%clk
01:31:50]} h6 {[%clk 01:29:43]} 7. Bh4 {[%clk 01:31:05]} {[%emt 00:01:19]} Be6
{[%clk 01:29:00]} {[%emt 00:01:09]} 8. Bb3 {[%clk 01:30:26]} {[%emt 00:01:03]}
O-O {[%clk 01:26:01]} {[%emt 00:03:33]} 9. Nbd2 {[%clk 01:27:22]} {[%emt
00:03:46]} Re8 {[%clk 01:22:33]} {[%emt 00:04:52]} 10. O-O {[%clk 01:26:41]}
Bxb3 {[%clk 01:20:55]} {[%emt 00:02:33]} 11. axb3 {[%clk 01:26:18]} {[%emt
00:00:28]} g5 {[%clk 01:10:32]} {[%emt 00:14:18]} 12. Bg3 {[%clk 01:23:23]} Ne7
{[%clk 01:03:58]} {[%emt 00:07:04]} 13. b4 {[%clk 01:20:52]} {[%emt 00:06:23]}
Bb6 {[%clk 01:04:08]} 14. Nc4 {[%clk 01:20:48]} Ng6 {[%clk 01:02:18]} 15. Nxb6
{[%clk 01:20:18]} {[%emt 00:00:52]} axb6 {[%clk 01:02:16]} {[%emt 00:00:55]}
16. h3 {[%clk 01:19:20]} {[%emt 00:04:46]} Qd7 {[%clk 00:57:37]} {[%emt
00:01:38]} 17. Qd2 {[%clk 01:16:28]} {[%emt 00:03:28]} Nh5 {[%clk 00:52:52]}
{[%emt 00:04:58]} 18. Nh2 {[%clk 01:15:13]} {[%emt 00:01:48]} d5 {[%clk
00:49:02]} {[%emt 00:07:57]} 19. Ng4 {[%clk 01:10:48]} {[%emt 00:01:16]} Kg7
{[%clk 00:47:22]} {[%emt 00:05:54]} 20. Rxa8 {[%clk 01:08:10]} Rxa8 {[%clk
00:47:33]} 21. Bxe5+ {[%clk 01:06:44]} {[%emt 00:01:42]} Nxe5 {[%clk 00:47:04]}
{[%emt 00:01:33]} 22. Nxe5 {[%clk 01:07:03]} Qd6 {[%clk 00:46:30]} {[%emt
00:00:45]} 23. Nf3 {[%clk 01:05:48]} {[%emt 00:01:40]} dxe4 {[%clk 00:42:48]}
{[%emt 00:04:10]} 24. dxe4 {[%clk 01:03:09]} {[%emt 00:03:36]} Qxd2 {[%clk
00:41:15]} {[%emt 00:01:34]} 25. Nxd2 {[%clk 01:03:34]} {[%emt 00:00:23]} Nf4
{[%clk 00:40:50]} {[%emt 00:02:27]} 26. Nc4 {[%clk 01:02:29]} b5 {[%clk
00:38:18]} {[%emt 00:04:01]} 27. Na3 {[%clk 01:01:47]} c6 {[%clk 00:38:13]}
{[%emt 00:00:33]} 28. Rd1 {[%clk 01:00:18]} {[%emt 00:02:02]} Kf6 {[%clk
00:35:36]} {[%emt 00:15:23]} 29. Rd6+ {[%clk 00:58:58]} Ne6 {[%clk 00:35:02]}
30. Rd7 {[%clk 00:51:51]} b6 {[%clk 00:33:44]} 31. Rd6 {[%clk 00:49:27]} {[%emt
00:04:55]} Rc8 {[%clk 00:32:39]} 32. Nc2 {[%clk 00:48:18]} {[%emt 00:03:02]}
Rc7 {[%clk 00:25:39]} {[%emt 00:06:32]} 33. Nd4 {[%clk 00:47:56]} Ke5 {[%clk
00:21:36]} {[%emt 00:04:54]} 34. Rxc6 {[%clk 00:48:01]} {[%emt 00:00:04]} Rxc6
{[%clk 00:19:59]} {[%emt 00:07:27]} 35. Nxc6+ {[%clk 00:48:25]} Kxe4 {[%clk
00:20:22]} 36. Na7 {[%clk 00:48:41]} Nc7 {[%clk 00:20:37]} 37. Nc8 {[%clk
00:49:06]} Kd3 {[%clk 00:19:46]} 38. Nxb6 {[%clk 00:48:00]} {[%emt 00:00:05]}
Kc2 {[%clk 00:18:44]} 39. c4 {[%clk 00:47:17]} {[%emt 00:01:31]} Kxb2 {[%clk
00:17:34]} {[%emt 00:01:56]} 40. cxb5 {[%clk 00:47:17]} Kb3 {[%clk 00:16:59]}
{[%emt 00:00:53]} 41. Nd7 {[%clk 00:47:37]} {[%emt 00:01:47]} Nxb5 {[%clk
00:16:35]} 42. Ne5 {[%clk 00:47:56]} f6 {[%clk 00:14:52]} {[%emt 00:02:09]} 43.
Ng4 {[%clk 00:48:18]} Kxb4 {[%clk 00:14:23]} {[%emt 00:00:58]} 44. Nxf6 {[%clk
00:48:39]} {[%emt 00:00:13]} Nd6 {[%clk 00:14:17]} {[%emt 00:00:11]} 45. Ng8
{[%clk 00:48:36]} {[%emt 00:00:39]} Nf7 {[%clk 00:14:09]} {[%emt 00:00:50]} 46.
Kh2 {[%clk 00:48:55]} Kc4 {[%clk 00:11:49]} {[%emt 00:02:49]} 47. Kg3 {[%clk
00:49:17]} {[%emt 00:00:04]} h5 {[%clk 00:09:39]} {[%emt 00:03:31]} 48. Nf6
{[%clk 00:48:56]} h4+ {[%clk 00:05:22]} {[%emt 00:10:14]} 49. Kg4 {[%clk
00:49:19]} Kd3 {[%clk 00:03:33]} 50. Nh7 {[%clk 00:47:20]} Ke2 {[%clk
00:00:57]} {[%emt 00:09:00]} 51. Nxg5 {[%clk 00:47:29]} Ne5+ {[%clk 00:00:37]}
52. Kf5 {[%clk 00:33:06]} {[%emt 00:12:28]} Kxf2 {[%clk 00:29:01]} 53. Kxe5
{[%clk 01:03:12]} Kxg2 {[%clk 00:29:16]} 54. Kf4 {[%clk 01:03:37]} {[%emt
00:00:03]} Kf2 {[%clk 00:28:48]} {[%emt 00:01:11]} 55. Kg4 {[%clk 01:03:56]}
{[%emt 00:00:06]} Ke3 {[%clk 00:27:39]} {[%emt 00:04:26]} 56. Nf3 {[%clk
01:03:11]} Ke4 {[%clk 00:26:57]} 57. Nxh4 {[%clk 01:03:33]} Ke5 {[%clk
00:26:54]} {[%emt 00:01:00]} 58. Kg5 {[%clk 01:03:53]} Ke6 {[%clk 00:26:57]}
59. Kg6 {[%clk 01:04:11]} Ke7 {[%clk 00:26:50]} {[%emt 00:00:36]} 60. Kg7
{[%clk 01:04:20]} {[%emt 00:00:37]} Ke8 {[%clk 00:26:05]} {[%emt 00:00:57]} 61.
Nf3 {[%clk 01:04:32]} {[%emt 00:00:23]} Ke7 {[%clk 00:25:43]} {[%emt 00:00:48]}
62. h4 {[%clk 01:04:56]} {[%emt 00:00:07]} Ke6 {[%clk 00:25:39]} {[%emt
00:00:34]} 63. h5 {[%clk 01:05:17]} {[%emt 00:00:20]} 1-0

[Event "DVM U12 2020"]
[Site "Magdeburg GER"]
[Date "2021.08.06"]
[Round "4"]
[White "Nhan, Jinhon Raymon"]
[Black "Haubold, Sebastian Marcel"]
[Result "0-1"]
[Termination "normal"]
[Board "3.1"]
[WhiteElo "1413"]
[BlackElo "1813"]
[WhiteClock "00:08:50"]
[BlackClock "00:12:13"]
[WhiteTeam "Schachvereinigung 1920 Plettenberg e. V."]
[BlackTeam "SG Einheit Staßfurt"]
[PlyCount "88"]
[WhiteFideId "16284690"]
[BlackFideId "16259637"]
[EventCountry "GER"]
[EventRounds "7"]
[EventType "team-swiss"]
[EventDate "2021.08.04"]

1. Nf3 {[%clk 01:30:56]} Nf6 {[%clk 01:30:52]} 2. g3 {[%clk 01:31:19]} g6
{[%clk 01:31:14]} 3. Bg2 {[%clk 01:31:42]} Bg7 {[%clk 01:31:35]} 4. O-O {[%clk
01:32:06]} {[%emt 00:00:05]} O-O {[%clk 01:31:58]} {[%emt 01:01:34]} 5. c4
{[%clk 01:32:13]} d6 {[%clk 01:32:14]} 6. Nc3 {[%clk 01:32:25]} c6 {[%clk
01:31:45]} 7. Rb1 {[%clk 01:32:34]} e5 {[%clk 01:30:34]} 8. d3 {[%clk
01:31:50]} Nbd7 {[%clk 01:27:01]} 9. b4 {[%clk 01:31:30]} Qc7 {[%clk 01:22:50]}
10. Ba3 {[%clk 01:29:46]} Ne8 {[%clk 01:17:57]} {[%emt 00:05:58]} 11. b5 {[%clk
01:26:37]} c5 {[%clk 01:15:49]} 12. Ne1 {[%clk 01:20:23]} f5 {[%clk 01:14:23]}
13. Nd5 {[%clk 01:16:52]} Qd8 {[%clk 01:12:13]} 14. Bc1 {[%clk 01:13:07]} Nef6
{[%clk 01:08:02]} 15. Nc2 {[%clk 01:04:22]} Nxd5 {[%clk 01:05:09]} 16. Bxd5+
{[%clk 01:03:59]} Kh8 {[%clk 01:05:37]} 17. Bd2 {[%clk 01:02:35]} {[%emt
01:14:04]} f4 {[%clk 01:02:43]} 18. Qc1 {[%clk 00:58:37]} Qf6 {[%clk 00:55:20]}
19. Bg2 {[%clk 00:54:59]} Nb6 {[%clk 00:53:53]} 20. Rb3 {[%clk 00:52:42]} Qf7
{[%clk 00:51:45]} 21. Ra3 {[%clk 00:49:20]} Be6 {[%clk 00:48:15]} 22. Ra5
{[%clk 00:47:44]} g5 {[%clk 00:45:23]} 23. Qa3 {[%clk 00:40:15]} Nc8 {[%clk
00:44:41]} 24. b6 {[%clk 00:38:12]} a6 {[%clk 00:42:55]} 25. f3 {[%clk
00:33:10]} h5 {[%clk 00:36:33]} 26. e3 {[%clk 00:30:07]} Nxb6 {[%clk 00:33:31]}
{[%emt 00:17:56]} 27. Qc1 {[%clk 00:28:17]} Bf5 {[%clk 00:28:57]} 28. Ra3
{[%clk 00:25:59]} Bh7 {[%clk 00:27:59]} 29. Rb3 {[%clk 00:25:07]} Nc8 {[%clk
00:28:22]} 30. Rd1 {[%clk 00:21:40]} {[%emt 00:05:32]} b5 {[%clk 00:25:06]} 31.
Ne1 {[%clk 00:18:23]} {[%emt 00:07:42]} Na7 {[%clk 00:19:04]} {[%emt 00:00:57]}
32. Ra3 {[%clk 00:15:30]} {[%emt 00:29:54]} Nc6 {[%clk 00:18:59]} 33. cxb5
{[%clk 00:14:18]} axb5 {[%clk 00:19:15]} 34. Rxa8 {[%clk 00:14:11]} Rxa8 {[%clk
00:19:35]} 35. exf4 {[%clk 00:14:27]} gxf4 {[%clk 00:19:43]} 36. gxf4 {[%clk
00:14:48]} Rxa2 {[%clk 00:20:03]} 37. Qb1 {[%clk 00:13:25]} Nd4 {[%clk
00:17:01]} 38. fxe5 {[%clk 00:11:33]} dxe5 {[%clk 00:13:09]} 39. Be3 {[%clk
00:10:36]} Ne2+ {[%clk 00:13:34]} 40. Kh1 {[%clk 00:10:01]} {[%emt 00:00:15]}
Nc3 {[%clk 00:13:58]} 41. Qc1 {[%clk 00:10:00]} Nxd1 {[%clk 00:13:41]} 42. Qxd1
{[%clk 00:10:20]} c4 {[%clk 00:11:46]} 43. dxc4 {[%clk 00:09:33]} bxc4 {[%clk
00:12:07]} 44. Bd2 {[%clk 00:08:50]} Qd7 {[%clk 00:12:13]} 0-1

[Event "DVM U12 2020"]
[Site "Magdeburg GER"]
[Date "2021.08.06"]
[Round "4"]
[White "Haubold, Christian Lucas"]
[Black "Nhan, Jiehou"]
[Result "1-0"]
[Termination "normal"]
[Board "3.2"]
[WhiteElo "1649"]
[BlackElo "1428"]
[WhiteClock "00:12:09"]
[BlackClock "01:20:29"]
[WhiteTeam "SG Einheit Staßfurt"]
[BlackTeam "Schachvereinigung 1920 Plettenberg e. V."]
[PlyCount "133"]
[WhiteFideId "16259629"]
[BlackFideId "34608214"]
[EventCountry "GER"]
[EventRounds "7"]
[EventType "team-swiss"]
[EventDate "2021.08.04"]

1. e4 {[%clk 01:30:57]} {[%emt 00:04:31]} e6 {[%clk 01:30:41]} 2. d4 {[%clk
01:31:19]} {[%emt 00:00:08]} d5 {[%clk 01:30:56]} {[%emt 00:00:32]} 3. Nd2
{[%clk 01:31:31]} c5 {[%clk 01:30:45]} {[%emt 00:04:04]} 4. exd5 {[%clk
01:31:41]} Qxd5 {[%clk 01:30:36]} 5. Ngf3 {[%clk 01:31:45]} Nc6 {[%clk
01:30:13]} 6. Bc4 {[%clk 01:30:51]} {[%emt 00:00:39]} Qd7 {[%clk 01:29:53]}
{[%emt 00:00:28]} 7. Nb3 {[%clk 01:27:09]} {[%emt 00:10:52]} cxd4 {[%clk
01:29:06]} 8. Nbxd4 {[%clk 01:24:25]} Nxd4 {[%clk 01:28:39]} 9. Nxd4 {[%clk
01:24:27]} a6 {[%clk 01:28:46]} 10. O-O {[%clk 01:21:47]} {[%emt 00:02:51]} e5
{[%clk 01:27:02]} {[%emt 00:18:48]} 11. Re1 {[%clk 01:21:09]} f6 {[%clk
01:24:34]} 12. Qh5+ {[%clk 00:57:27]} {[%emt 00:11:50]} g6 {[%clk 01:23:19]}
{[%emt 00:09:33]} 13. Qh4 {[%clk 00:56:55]} Qg4 {[%clk 01:22:53]} 14. Qxg4
{[%clk 00:55:22]} Bxg4 {[%clk 01:23:09]} 15. h3 {[%clk 00:52:06]} {[%emt
00:00:04]} Bd7 {[%clk 01:22:06]} {[%emt 00:17:30]} 16. Bf4 {[%clk 00:48:08]}
Ne7 17. Rxe5 {[%clk 00:47:24]} fxe5 {[%clk 01:20:35]} 18. Bxe5 {[%clk
00:47:42]} {[%emt 00:00:04]} Rg8 {[%clk 01:20:49]} 19. Bxg8 {[%clk 00:42:13]}
Nxg8 {[%clk 01:21:08]} 20. Bc7 {[%clk 00:41:26]} {[%emt 00:00:07]} Bg7 {[%clk
01:18:23]} {[%emt 00:03:19]} 21. Re1+ {[%clk 00:41:31]} {[%emt 00:00:28]} Kf7
{[%clk 01:18:18]} {[%emt 00:00:26]} 22. Nf3 {[%clk 00:34:59]} {[%emt 00:07:07]}
Rc8 {[%clk 01:16:23]} {[%emt 00:02:25]} 23. Ng5+ {[%clk 00:34:39]} {[%emt
00:27:53]} Kf6 {[%clk 01:15:54]} 24. Nxh7+ {[%clk 00:33:56]} Kf7 {[%clk
01:15:16]} 25. Ng5+ {[%clk 00:34:14]} Kf6 {[%clk 01:15:37]} 26. Ne4+ {[%clk
00:34:40]} {[%emt 00:00:05]} Kf7 {[%clk 01:15:54]} 27. Nd6+ {[%clk 00:35:03]}
Kf8 {[%clk 01:16:13]} 28. Nxc8 {[%clk 00:35:25]} Bxc8 {[%clk 01:16:41]} 29. c3
{[%clk 00:35:32]} Nh6 {[%clk 01:15:55]} {[%emt 00:00:05]} 30. Bd6+ {[%clk
00:35:07]} Kf7 {[%clk 01:16:06]} 31. Re7+ {[%clk 00:34:55]} Kf6 {[%clk
01:16:26]} 32. Re8 {[%clk 00:34:57]} {[%emt 00:00:05]} Bd7 {[%clk 01:16:30]}
33. Be5+ {[%clk 00:34:54]} Kf7 {[%clk 01:16:40]} 34. Bxg7 {[%clk 00:35:07]}
Bxe8 {[%clk 01:17:09]} 35. Bxh6 {[%clk 00:35:27]} {[%emt 00:00:05]} Ke6 36. f3
{[%clk 00:35:24]} Kd5 {[%clk 01:17:39]} 37. Kf2 {[%clk 00:35:32]} Bb5 {[%clk
01:17:40]} 38. g4 {[%clk 00:33:08]} {[%emt 00:00:05]} Bd3 {[%clk 01:17:36]} 39.
h4 {[%clk 00:29:13]} Bb1 {[%clk 01:16:55]} 40. a3 {[%clk 00:26:12]} Kc4 {[%clk
01:17:03]} 41. Bf8 {[%clk 00:25:52]} Kb3 {[%clk 01:16:42]} 42. Ke3 {[%clk
00:24:36]} {[%emt 00:01:12]} a5 {[%clk 01:16:46]} {[%emt 00:06:35]} 43. Kf4
{[%clk 00:23:21]} Kxb2 {[%clk 01:16:56]} 44. c4 {[%clk 00:23:42]} Bd3 {[%clk
01:17:08]} 45. c5 {[%clk 00:23:50]} Kc3 {[%clk 01:17:26]} {[%emt 00:08:52]} 46.
h5 {[%clk 00:23:29]} gxh5 {[%clk 01:17:42]} 47. gxh5 {[%clk 00:23:54]} Kd4
{[%clk 01:18:01]} 48. Kg5 {[%clk 00:23:53]} Ke5 {[%clk 01:18:21]} 49. Bd6+
{[%clk 00:23:45]} Ke6 {[%clk 01:18:37]} 50. a4 {[%clk 00:17:02]} {[%emt
00:08:55]} Bc2 {[%clk 01:16:49]} 51. h6 {[%clk 00:17:23]} Kf7 {[%clk 01:17:02]}
52. Be5 {[%clk 00:16:54]} Kg8 {[%clk 01:17:16]} 53. Bc3 {[%clk 00:11:44]} Kh7
{[%clk 01:17:10]} 54. f4 {[%clk 00:11:35]} {[%emt 00:00:09]} Bxa4 {[%clk
01:17:25]} {[%emt 00:00:56]} 55. Bxa5 {[%clk 00:11:55]} {[%emt 00:00:05]} Bc2
{[%clk 01:17:44]} 56. Bc3 {[%clk 00:11:03]} {[%emt 00:01:05]} Be4 {[%clk
01:17:51]} {[%emt 00:00:16]} 57. Bg7 {[%clk 00:11:14]} {[%emt 00:00:39]} Bd3
{[%clk 01:17:42]} {[%emt 00:00:18]} 58. f5 {[%clk 00:11:30]} {[%emt 00:00:13]}
Be4 {[%clk 01:18:05]} {[%emt 00:05:56]} 59. Kf6 {[%clk 00:11:31]} Bd3 {[%clk
01:18:10]} 60. Ke6 {[%clk 00:11:44]} Be4 {[%clk 01:18:21]} 61. f6 {[%clk
00:11:54]} Bg6 {[%clk 01:18:27]} 62. f7 {[%clk 00:10:46]} {[%emt 00:00:05]}
Bxf7+ {[%clk 01:18:49]} 63. Kxf7 b5 {[%clk 01:19:12]} 64. c6 {[%clk 00:11:34]}
b4 {[%clk 01:19:40]} {[%emt 00:00:04]} 65. c7 {[%clk 00:12:01]} b3 {[%clk
01:20:06]} 66. c8=B {[%clk 00:12:09]} b2 {[%clk 01:20:29]} 67. Bf5 1-0

[Event "DVM U12 2020"]
[Site "Magdeburg GER"]
[Date "2021.08.06"]
[Round "4"]
[White "Selter, Julian André"]
[Black "Schambier, Leon Elias"]
[Result "1/2-1/2"]
[Termination "normal"]
[Board "3.3"]
[WhiteElo "1391"]
[BlackElo "1178"]
[WhiteClock "00:58:15"]
[BlackClock "00:18:22"]
[WhiteTeam "Schachvereinigung 1920 Plettenberg e. V."]
[BlackTeam "SG Einheit Staßfurt"]
[PlyCount "61"]
[WhiteFideId "34608168"]
[BlackFideId "34608184"]
[EventCountry "GER"]
[EventRounds "7"]
[EventType "team-swiss"]
[EventDate "2021.08.04"]

1. e4 {[%clk 01:30:59]} {[%emt 00:00:18]} e5 {[%clk 01:30:48]} 2. Nf3 {[%clk
01:31:24]} Nc6 {[%clk 01:31:04]} 3. d4 {[%clk 01:31:47]} exd4 {[%clk 01:31:18]}
4. Nxd4 {[%clk 01:32:12]} Bc5 {[%clk 01:31:22]} 5. Be3 {[%clk 01:32:36]} Qf6
{[%clk 01:29:06]} {[%emt 00:09:11]} 6. c3 {[%clk 01:32:37]} Nge7 {[%clk
01:27:39]} 7. Bc4 {[%clk 01:32:51]} O-O {[%clk 01:24:18]} 8. O-O {[%clk
01:33:00]} {[%emt 00:13:45]} Bb6 {[%clk 01:05:56]} {[%emt 00:05:11]} 9. Qd2
{[%clk 01:24:51]} {[%emt 00:08:38]} Re8 {[%clk 00:51:33]} {[%emt 00:15:01]} 10.
f3 {[%clk 01:23:59]} {[%emt 00:01:17]} Ng6 {[%clk 00:48:21]} {[%emt 00:03:42]}
11. Nxc6 {[%clk 01:17:52]} {[%emt 00:06:35]} Bxe3+ {[%clk 00:44:10]} {[%emt
00:04:53]} 12. Qxe3 {[%clk 01:17:31]} {[%emt 00:02:03]} bxc6 {[%clk 00:43:27]}
13. Qd2 {[%clk 01:14:37]} {[%emt 00:03:09]} Bb7 {[%clk 00:41:16]} {[%emt
00:02:44]} 14. Na3 {[%clk 01:12:43]} {[%emt 00:02:26]} d5 {[%clk 00:36:49]}
{[%emt 00:07:37]} 15. exd5 {[%clk 01:10:29]} cxd5 {[%clk 00:34:40]} {[%emt
00:02:48]} 16. Bd3 {[%clk 01:09:41]} {[%emt 00:01:09]} d4 {[%clk 00:30:02]}
{[%emt 00:05:12]} 17. Bxg6 {[%clk 01:08:18]} {[%emt 00:02:00]} Qxg6 {[%clk
00:28:12]} {[%emt 00:02:38]} 18. Qxd4 {[%clk 01:08:13]} {[%emt 00:00:10]} Re2
{[%clk 00:24:12]} {[%emt 00:05:57]} 19. Rf2 {[%clk 01:07:09]} Bxf3 {[%clk
00:24:02]} {[%emt 00:00:51]} 20. Rxe2 {[%clk 01:07:09]} {[%emt 00:00:23]} Bxe2
{[%clk 00:24:19]} {[%emt 00:00:11]} 21. Re1 {[%clk 01:06:58]} {[%emt 00:01:33]}
Bf3 {[%clk 00:24:07]} 22. Qf2 {[%clk 01:07:03]} {[%emt 00:01:13]} Bd5 {[%clk
00:23:45]} 23. g3 {[%clk 01:06:45]} {[%emt 00:00:43]} Bxa2 {[%clk 00:23:34]}
{[%emt 00:00:37]} 24. Qxa7 {[%clk 01:05:57]} {[%emt 00:10:19]} Qc6 {[%clk
00:21:49]} 25. Qe3 {[%clk 01:04:33]} Be6 {[%clk 00:21:00]} 26. Nc2 {[%clk
01:03:04]} Re8 {[%clk 00:20:11]} 27. Nd4 {[%clk 01:02:25]} {[%emt 00:00:58]}
Qb7 {[%clk 00:19:49]} {[%emt 00:04:34]} 28. Qf2 {[%clk 00:59:10]} Bd7 {[%clk
00:17:46]} {[%emt 00:02:31]} 29. Rxe8+ {[%clk 00:58:22]} {[%emt 00:20:55]} Bxe8
{[%clk 00:18:12]} 30. Qe2 {[%clk 00:58:15]} Kf8 {[%clk 00:18:22]} 31. b4
1/2-1/2

[Event "DVM U12 2020"]
[Site "Magdeburg GER"]
[Date "2021.08.06"]
[Round "4"]
[White "Beck, Jason"]
[Black "Schmidt, Moritz"]
[Result "0-1"]
[Termination "normal"]
[Board "3.4"]
[WhiteElo "1132"]
[BlackElo "1454"]
[WhiteClock "00:28:00"]
[BlackClock "01:06:45"]
[WhiteTeam "SG Einheit Staßfurt"]
[BlackTeam "Schachvereinigung 1920 Plettenberg e. V."]
[PlyCount "100"]
[WhiteFideId "34608389"]
[BlackFideId "34603549"]
[EventCountry "GER"]
[EventRounds "7"]
[EventType "team-swiss"]
[EventDate "2021.08.04"]

1. e4 {[%clk 01:30:58]} {[%emt 00:00:05]} c6 {[%clk 01:30:55]} 2. d4 {[%clk
01:31:24]} d5 {[%clk 01:31:19]} 3. exd5 {[%clk 01:31:50]} cxd5 {[%clk
01:31:48]} 4. Nc3 {[%clk 01:31:57]} {[%emt 00:00:04]} Nf6 {[%clk 01:31:57]} 5.
Bf4 {[%clk 01:31:46]} a6 {[%clk 01:32:10]} 6. Nf3 {[%clk 01:30:57]} Nc6 {[%clk
01:31:54]} 7. Bd3 {[%clk 01:29:38]} e6 {[%clk 01:29:59]} {[%emt 00:02:18]} 8.
O-O {[%clk 01:27:43]} {[%emt 00:02:19]} Bd6 {[%clk 01:29:41]} {[%emt 00:00:48]}
9. Bg3 {[%clk 01:22:12]} {[%emt 00:09:22]} O-O {[%clk 01:28:34]} 10. Bh4 {[%clk
01:18:14]} {[%emt 00:02:45]} Qe7 {[%clk 01:26:56]} {[%emt 00:02:13]} 11. Qe2
{[%clk 01:13:04]} {[%emt 00:06:34]} b5 {[%clk 01:25:10]} {[%emt 00:10:48]} 12.
a3 {[%clk 01:10:40]} Re8 {[%clk 01:22:24]} 13. Rfe1 {[%clk 01:07:34]} {[%emt
00:00:36]} Bb7 {[%clk 01:20:45]} {[%emt 00:15:43]} 14. h3 {[%clk 00:59:13]} h6
{[%clk 01:18:27]} 15. Qe3 {[%clk 00:51:16]} {[%emt 00:15:56]} b4 {[%clk
01:18:16]} 16. axb4 {[%clk 00:50:25]} Nxb4 {[%clk 01:18:11]} 17. Ne5 {[%clk
00:48:56]} Nxd3 {[%clk 01:17:44]} 18. cxd3 {[%clk 00:48:32]} Bxe5 {[%clk
01:15:05]} {[%emt 00:00:05]} 19. dxe5 {[%clk 00:48:49]} Ng4 {[%clk 01:15:28]}
{[%emt 00:06:03]} 20. Bxe7 Nxe3 {[%clk 01:15:48]} 21. Rxe3 {[%clk 00:46:52]}
Rxe7 {[%clk 01:15:49]} 22. d4 {[%clk 00:47:11]} Bc6 {[%clk 01:15:40]} {[%emt
00:00:04]} 23. f4 {[%clk 00:45:04]} {[%emt 00:01:01]} Rb7 {[%clk 01:15:48]}
{[%emt 00:00:27]} 24. Re2 {[%clk 00:43:38]} {[%emt 00:01:51]} Kh7 {[%clk
01:14:10]} {[%emt 00:02:21]} 25. g4 {[%clk 00:39:29]} {[%emt 00:04:29]} a5
{[%clk 01:11:15]} {[%emt 00:25:11]} 26. h4 {[%clk 00:34:31]} f6 {[%clk
01:10:35]} 27. h5 {[%clk 00:32:26]} a4 {[%clk 01:10:11]} 28. Kg2 {[%clk
00:30:52]} Rb3 {[%clk 01:08:43]} {[%emt 00:00:04]} 29. Ra3 {[%clk 00:29:11]}
Rab8 {[%clk 01:07:30]} 30. Nxa4 {[%clk 00:27:43]} Rxa3 {[%clk 01:07:48]} 31.
Nc5 {[%clk 00:27:49]} Ra2 {[%clk 01:07:12]} 32. Nxe6 {[%clk 00:27:35]} {[%emt
00:00:34]} Rbxb2 {[%clk 01:06:43]} {[%emt 00:01:02]} 33. Rxb2 {[%clk 00:27:48]}
{[%emt 00:00:13]} Rxb2+ {[%clk 01:07:10]} {[%emt 00:00:06]} 34. Kg3 {[%clk
00:27:45]} {[%emt 00:00:36]} Kg8 {[%clk 01:06:13]} {[%emt 00:02:37]} 35. exf6
{[%clk 00:27:54]} gxf6 {[%clk 01:06:25]} 36. Nd8 {[%clk 00:27:27]} {[%emt
00:12:20]} Bd7 {[%clk 01:06:01]} 37. g5 {[%clk 00:27:08]} fxg5 {[%clk
01:06:13]} 38. fxg5 {[%clk 00:27:31]} hxg5 {[%clk 01:06:23]} 39. h6 {[%clk
00:27:33]} {[%emt 00:00:05]} Rb8 {[%clk 01:05:58]} 40. h7+ {[%clk 00:27:07]}
Kxh7 {[%clk 01:06:15]} 41. Nf7 {[%clk 00:27:31]} Rb3+ {[%clk 01:06:27]} 42. Kf2
{[%clk 00:27:52]} {[%emt 00:00:04]} g4 {[%clk 01:06:24]} 43. Ne5 {[%clk
00:27:39]} g3+ {[%clk 01:06:21]} 44. Kg2 {[%clk 00:27:59]} Bb5 {[%clk
01:06:24]} 45. Nf3 {[%clk 00:27:46]} {[%emt 00:00:07]} Be2 {[%clk 01:05:38]}
46. Nd2 {[%clk 00:27:13]} Rb2 {[%clk 01:05:47]} 47. Nf3 {[%clk 00:27:15]} Bxf3+
{[%clk 01:06:11]} 48. Kxf3 {[%clk 00:27:39]} g2 {[%clk 01:06:25]} {[%emt
00:00:09]} 49. Kf4 {[%clk 00:28:00]} {[%emt 00:00:05]} g1=Q {[%clk 01:06:45]}
{[%emt 00:00:06]} 50. Ke5 Rd2 {[%clk 01:06:45]} 0-1